000 02085cam a22004574i 4500
003 PE-LiUPU
005 20250731165401.0
008 150928s2010 pe grm 000 0 spa d
035 _a(Sirsi) a154654
040 _aPE-LiUPU
_bspa
_cPE-LiUPU
_erda
099 _aTE 3 P13 2010
100 1 _aPacheco Ramirez, Martha Soledad
_eautor
245 1 _aPerfil de la maestra en la producción literaria, opinión y vida de Gabriela Mistral /
_cMartha Soledad Pacheco Ramíez.
264 0 _c2010.
300 _a90 hojas
_c30 cm
336 _atext
_2rdacontent
337 _aunmediated
_2rdamedia
338 _avolume
_2rdacarrier
502 _aTesis
_b(Mg.) --
_cUniversidad Peruana Unión,
_d2010.
504 _aIncluye referencias
520 3 _aEl estudio se circunscribe a atender el objetivo sustantivo: construir y analizar el perfil de la maestra en Gabriela Mistral, a partir de los diversos discursos poéticos, educativos y culturales. También hemos considerado importante prestar atención a tres objetivos complementarios: construir el itinerario vital de la maestra y poetisa chilena, Gabriela Mistral, a partir de los textos suyos y de los textos críticos diversos; construir el itinerario literario de la poetisa chilena, Gabriela Mistral, en el contexto del proceso de la poesía hispanoamericana y latinoamericana; analizar los contextos sociales, culturales y literarios sobre la poetisa Gabriela Mistral y el premio nobel de literatura.
526 _aSEG44
526 _aSEG26
526 _aP151
526 _aP150
526 _aP149
526 _aP146
526 _aP145
526 _aP126
526 _aP125
526 _aP92
526 _aP75
526 _aP74
526 _aP27
526 _aP15
650 0 4 _aProfesoras de enseñanza primaria
_xGabriela Mistral
_vTesis.
650 0 4 _aProfesoras de enseñanza primaria
_vTesis.
596 _a1
942 _2ddc
_cTESIS
999 _aTE 3 P13 2010
_wALPHANUM
_c7359
_iT01193
_lCCODEBUL3
_mBUL
_r1
_sY
_tTESIS
_u2015-9-28
_xPOSGRADO
_PP69
_o.STAFF. Tesis
_d7359
980 _81
_gALBERTO SANCHEZ Responsable de Automatización